<?xml version="1.0" encoding="UTF-8"?>
<record
    xmlns:xsi="http://www.w3.org/2001/XMLSchema-instance"
    xsi:schemaLocation="http://www.loc.gov/MARC21/slim http://www.loc.gov/standards/marcxml/schema/MARC21slim.xsd"
    xmlns="http://www.loc.gov/MARC21/slim">

  <leader>02546njm a2200421Ia 4500</leader>
  <controlfield tag="001">27451</controlfield>
  <controlfield tag="003">IT-RoPAU</controlfield>
  <controlfield tag="005">20220918181118.0</controlfield>
  <controlfield tag="008">131025s9999    xx            000 0 und d</controlfield>
  <datafield tag="040" ind1=" " ind2=" ">
    <subfield code="a">IT-RoPAU</subfield>
  </datafield>
  <datafield tag="040" ind1=" " ind2=" ">
    <subfield code="c">IT-RoPAU</subfield>
  </datafield>
  <datafield tag="999" ind1=" " ind2=" ">
    <subfield code="c">99557</subfield>
    <subfield code="d">99557</subfield>
  </datafield>
  <datafield tag="999" ind1=" " ind2=" ">
    <subfield code="b">n.d.</subfield>
  </datafield>
  <datafield tag="100" ind1=" " ind2=" ">
    <subfield code="a">AA.VV.</subfield>
    <subfield code="9">794</subfield>
  </datafield>
  <datafield tag="100" ind1=" " ind2=" ">
    <subfield code="e">Autore musica</subfield>
    <subfield code="9">18136</subfield>
  </datafield>
  <datafield tag="100" ind1=" " ind2=" ">
    <subfield code="g">Codice autore musica SPICS: 12000</subfield>
    <subfield code="9">796</subfield>
  </datafield>
  <datafield tag="245" ind1=" " ind2=" ">
    <subfield code="a">Benvenuta simpatia</subfield>
  </datafield>
  <datafield tag="250" ind1=" " ind2=" ">
    <subfield code="a">1a ed.</subfield>
  </datafield>
  <datafield tag="260" ind1=" " ind2=" ">
    <subfield code="a">ROMA</subfield>
  </datafield>
  <datafield tag="260" ind1=" " ind2=" ">
    <subfield code="b">SIBILLA</subfield>
  </datafield>
  <datafield tag="300" ind1=" " ind2=" ">
    <subfield code="a">DISCO</subfield>
  </datafield>
  <datafield tag="300" ind1=" " ind2=" ">
    <subfield code="c">46 minuti (Testo:  pag.)</subfield>
  </datafield>
  <datafield tag="500" ind1=" " ind2=" ">
    <subfield code="a">Musica strumentale</subfield>
  </datafield>
  <datafield tag="505" ind1=" " ind2=" ">
    <subfield code="a">Benvenuta simpatia [(Monti Elvio) (4:00)] - Universum [(Salizzato Italo) (4:00)] - Nostalgia di sera (3:00) - Trumpet Holiday (3:00) - Caleidoscopio [(Ruthuard) (3:00)] - Carosello [(Monti Elvio) (3:00)] - Nulla di lui [(Monti Elvio) (3:00)] - Lady Moon [(Salizzato Italo) (4:00)] - E' gi&#xE0; notte [(Monti Elvio) (4:00)] - Ultime ore [(Ruthuard) (3:00)] - Trumpet Shake [(Saracino Pino) (3:00)] - Il vento ha portato via [(Monti Elvio) (3:00)] - Constellation [(Saracino Pino) (3:00)] - Acquarello abruzzese [(Monti Elvio) (3:00)]</subfield>
  </datafield>
  <datafield tag="650" ind1=" " ind2=" ">
    <subfield code="a">STRUMENTALE [DISCHI]</subfield>
    <subfield code="e">Codice MATERIA SPICS: 9950</subfield>
    <subfield code="9">828</subfield>
  </datafield>
  <datafield tag="700" ind1=" " ind2=" ">
    <subfield code="a">Patriarca</subfield>
    <subfield code="d">Codice autore musica SPICS: 28312</subfield>
    <subfield code="e">Autore musica</subfield>
    <subfield code="p">Benvenuta simpatia</subfield>
    <subfield code="9">18137</subfield>
  </datafield>
  <datafield tag="700" ind1=" " ind2=" ">
    <subfield code="a">Raspanti M.</subfield>
    <subfield code="d">Codice autore musica SPICS: 14383</subfield>
    <subfield code="e">Autore musica</subfield>
    <subfield code="p">Benvenuta simpatia - Universum - Nostalgia di sera - Trumpet Holiday - Caleidoscopio - Carosello - Nulla di lui - Lady Moon - E' gi&#xE0; notte - Ultime ore - Trumpet Shake - Il vento ha portato via - Constellation - Acquarello abruzzese</subfield>
    <subfield code="9">18138</subfield>
  </datafield>
  <datafield tag="700" ind1=" " ind2=" ">
    <subfield code="a">Salizzato Italo</subfield>
    <subfield code="d">Codice autore SPICS: 28313</subfield>
    <subfield code="e">Autore</subfield>
    <subfield code="p">Universum</subfield>
    <subfield code="9">18139</subfield>
  </datafield>
  <datafield tag="700" ind1=" " ind2=" ">
    <subfield code="a">Gioia</subfield>
    <subfield code="d">Codice autore SPICS: 24609</subfield>
    <subfield code="e">Autore</subfield>
    <subfield code="p">Trumpet Holiday</subfield>
    <subfield code="9">18140</subfield>
  </datafield>
  <datafield tag="700" ind1=" " ind2=" ">
    <subfield code="a">Sciascia</subfield>
    <subfield code="d">Codice autore SPICS: 24608</subfield>
    <subfield code="e">Autore</subfield>
    <subfield code="p">Caleidoscopio - Il vento ha portato via</subfield>
    <subfield code="9">18141</subfield>
  </datafield>
  <datafield tag="700" ind1=" " ind2=" ">
    <subfield code="a">Evangelisti</subfield>
    <subfield code="d">Codice autore musica SPICS: 24576</subfield>
    <subfield code="e">Autore musica</subfield>
    <subfield code="p">Carosello</subfield>
    <subfield code="9">18142</subfield>
  </datafield>
  <datafield tag="700" ind1=" " ind2=" ">
    <subfield code="a">Colitta M.</subfield>
    <subfield code="d">Codice autore musica SPICS: 28314</subfield>
    <subfield code="e">Autore musica</subfield>
    <subfield code="p">Nulla di lui</subfield>
    <subfield code="9">18143</subfield>
  </datafield>
  <datafield tag="700" ind1=" " ind2=" ">
    <subfield code="a">Arbik</subfield>
    <subfield code="d">Codice autore musica SPICS: 28315</subfield>
    <subfield code="e">Autore musica</subfield>
    <subfield code="p">Lady Moon</subfield>
    <subfield code="9">18144</subfield>
  </datafield>
  <datafield tag="700" ind1=" " ind2=" ">
    <subfield code="a">Monti Elvio</subfield>
    <subfield code="d">Codice autore SPICS: 11030</subfield>
    <subfield code="e">Autore</subfield>
    <subfield code="p">E' gi&#xE0; notte</subfield>
    <subfield code="9">18145</subfield>
  </datafield>
  <datafield tag="700" ind1=" " ind2=" ">
    <subfield code="a">Lunik</subfield>
    <subfield code="d">Codice autore testo/musica SPICS: 28316</subfield>
    <subfield code="e">Autore testo/musica</subfield>
    <subfield code="p">E' gi&#xE0; notte</subfield>
    <subfield code="9">18146</subfield>
  </datafield>
  <datafield tag="700" ind1=" " ind2=" ">
    <subfield code="a">Lanzione</subfield>
    <subfield code="d">Codice autore SPICS: 24613</subfield>
    <subfield code="e">Autore</subfield>
    <subfield code="p">Ultime ore</subfield>
    <subfield code="9">18147</subfield>
  </datafield>
  <datafield tag="700" ind1=" " ind2=" ">
    <subfield code="a">Pelleus</subfield>
    <subfield code="d">Codice autore SPICS: 24144</subfield>
    <subfield code="e">Autore</subfield>
    <subfield code="p">Trumpet Shake</subfield>
    <subfield code="9">18148</subfield>
  </datafield>
  <datafield tag="942" ind1=" " ind2=" ">
    <subfield code="c">MD</subfield>
    <subfield code="2">ddc</subfield>
  </datafield>
  <datafield tag="952" ind1=" " ind2=" ">
    <subfield code="0">0</subfield>
    <subfield code="1">0</subfield>
    <subfield code="4">0</subfield>
    <subfield code="6">27451_000000000000000</subfield>
    <subfield code="7">1</subfield>
    <subfield code="a">SPICS</subfield>
    <subfield code="b">SPICS</subfield>
    <subfield code="d">2013-10-25</subfield>
    <subfield code="l">0</subfield>
    <subfield code="o">27451</subfield>
    <subfield code="r">2013-10-25 00:00:00</subfield>
    <subfield code="w">2013-10-25</subfield>
    <subfield code="y">MD</subfield>
    <subfield code="z">Progr. Ins.: 7008 / N.Vol.: 1 / Copie: 1 - Copia rara: n.d. / date import: 01.01.2014 - By Epidotti, Trombetti, Vaglietti</subfield>
  </datafield>
</record>
